| 000 | 00000nam##2200000za#4500 |
| 001 | 9.570015 |
| 003 | CaOODSP |
| 005 | 20210624182036 |
| 007 | cr ||||||||||| |
| 008 | 150406|2004||||xxc|||||o f|0| 0 eng|d |
| 040 | |aCaOODSP|beng |
| 043 | |an-cn--- |
| 086 | 1 |aNH18-1-2/170-2-2004E-PDF |
| 110 | 2 |aCanada Mortgage and Housing Corporation. |
| 245 | 10|aAboriginal housing assessment : |h[electronic resource]|bcommunity design needs and preferences and application of local materials, research report - appendices / |c[prepared by Lisa Hardess, Rodney C. McDonald and Darren Thomas]. |
| 246 | 1 |aAboriginal housing assessment appendices |
| 260 | |aOttawa - Ontario : |bCanada Mortgage and Housing Corporation |cJuly 2004. |
| 300 | |a127p.|bfigs. (some coloured), photographs |
| 490 | 1 |aResearch report |
| 500 | |aFor main report see NH18-1-2/170-1-2004E-PDF. |
| 590 | |a11-26-Supp|b2011-11-03 |
| 720 | 1 |aHardess, Lisa |
| 720 | 1 |aMcDonald, Rodney C. |
| 720 | 1 |aThomas, Darren |
| 830 | #0|aResearch report (Canada Mortgage and Housing Corporation : Online)|w(CaOODSP)9.506068 |
| 856 | 40|ahttp://publications.gc.ca|qPDF|s1.39 MB|uhttps://publications.gc.ca/collections/collection_2011/schl-cmhc/nh18-1-2/NH18-1-2-170-2-2004-eng.pdf |